| 000 | 01140cam a2200325 a 4500 | ||
|---|---|---|---|
| 001 | 1215134 | ||
| 003 | ARRUPE | ||
| 005 | 20151104123737.0 | ||
| 008 | 990113s1999 ne b 001 0 eng d | ||
| 010 | _a 99165885 | ||
| 020 | _a9004111417 (alk. paper) | ||
| 035 | _a(OCoLC)40615988 | ||
| 040 |
_aOClW _cOClW _dDLC |
||
| 042 | _alccopycat | ||
| 050 | 0 | 0 |
_aBT306 _b.A87 1999 |
| 082 | 0 | 0 |
_a232.9/54 _221 |
| 245 | 0 | 0 |
_aAuthenticating the words of Jesus / _cedited by Bruce Chilton and Craig A. Evans. |
| 260 |
_aLeiden ; _aBoston : _bBrill, _c1999. |
||
| 300 |
_axvi, 480 p. ; _c25 cm. |
||
| 440 | 0 |
_aNew Testament tools and studies, _x0077-8842 ; _vv. 28,1 _920961 |
|
| 504 | _aIncludes bibliographical references and indexes. | ||
| 600 | 0 | 0 |
_aJesus Christ _xWords. _920962 |
| 600 | 0 | 0 |
_aJesus Christ _xHistoricity. _9558 |
| 630 | 0 | 0 |
_aBible. _pGospels _xCriticism, interpretation, etc. _920963 |
| 700 | 1 |
_aChilton, Bruce. _920964 |
|
| 700 | 1 |
_aEvans, Craig A. _920965 |
|
| 906 |
_a7 _bcbc _ccopycat _d2 _encip _f19 _gy-gencatlg |
||
| 942 |
_2lcc _cMONOGRAPH |
||
| 999 |
_c123748 _d123748 |
||